| 000 | 01120cam a2200325 i 4500 | ||
|---|---|---|---|
| 001 | 768714001 | ||
| 003 | CO-MdFUSB | ||
| 005 | 20230516104509.0 | ||
| 007 | ta | ||
| 008 | 171127t2003 us |||| |||| 00| | spa d | ||
| 020 | _a0789911965 | ||
| 040 |
_aCO-MdFUSB _bspa _cCO-MdFUSB _dCO-MdFUSBC _erda |
||
| 041 | 0 | _aspa | |
| 082 | 0 | 4 |
_223 _a226.6 _bS6111e |
| 100 | 1 |
_aSimons, Roberto _eautor |
|
| 245 | 0 |
_aExploremos Hechos / _cRoberto Simons |
|
| 264 | 1 |
_aMiami, FL. : _bLogoi, _c[2003] |
|
| 264 | 4 | _c© 2003 | |
| 300 |
_a395 Páginas _c; 21 cm |
||
| 336 |
_2rdacontent _atexto _btxt |
||
| 337 |
_2rdamedia _asin mediación _bn |
||
| 338 |
_2rdacarrier _avolumen _bnc |
||
| 505 | _aIntroducción a la interpretación del libro de Hechos - Inicio de la iglesia - Problemas, persecuciones y progreso de la iglesia - La metodología y la teoría de la misión a los gentiles - El Espíritu Santo guía a Pabl - Los juicios de Pablo y su viaje a Roma. | ||
| 563 | _aRustico | ||
| 650 | 7 |
_aHermenéutica _9418 |
|
| 653 | _aBiblia N.T - Hechos | ||
| 653 | _aBiblia N.T - Hechos | ||
| 942 | _cREF | ||
| 945 | _aMag 1104 | ||
| 999 |
_c43036 _d43036 |
||